Encyclopaedia of aids and family education/ (Record no. 164927)

MARC details
000 -LEADER
fixed length control field 00627nam a22001817a 4500
005 - DATE AND TIME OF LATEST TRANSACTION
control field 20190530122721.0
010 ## - LCCN (DPL NO)
LC control number B-047054
020 ## - INTERNATIONAL STANDARD BOOK NUMBER
International Standard Book Number 8175101415
Terms of availability 200.00
035 ## - SYSTEM CONTROL NUMBER
System control number B-047054
037 ## - SOURCE OF ACQUISITION
Source of stock number/acquisition Reliance Publishing House
082 ## - DEWEY DECIMAL CLASSIFICATION NUMBER
Classification number 616.979203
245 ## - TITLE STATEMENT
Title Encyclopaedia of aids and family education/
Statement of responsibility, etc Compiled by Surendra P. Singh and edited by Y.L. Tekhre
260 ## - PUBLICATION, DISTRIBUTION, ETC. (IMPRINT)
Place of publication, distribution, etc New Delhi
Name of publisher, distributor, etc Reliance Publishing House
Date of publication, distribution, etc 2002
300 ## - PHYSICAL DESCRIPTION
Extent 199p.
Dimensions 22cm(Hb)
700 ## - ADDED ENTRY--PERSONAL NAME
Personal name Singh, Surendra P.
Numeration Tekhre, Y.L.
942 ## - ADDED ENTRY ELEMENTS (KOHA)
Source of classification or shelving scheme Dewey Decimal Classification
Item type English Books
Classification part 616.979203
Call number suffix ENC
Holdings
Withdrawn status Lost status Not for loan Collection code Home library Current library Date acquired Full call number Barcode Koha item type
      Non-fiction Sarojini Nagar Sarojini Nagar 30/05/2019 616.979203 ENC B-047054 English Books

© Delhi Public Library
Hit Counter
free hit counter